Every Song by Ratt - Statistics

General Stats
  • This quiz has been taken 25 times
  • The average score is 23 of 88
Answer Stats
Album Song % Correct
Out of the Cellar(1984) Round and Round
100%
Dancing Undercover(1986) Dance
75%
Out of the Cellar(1984) Lack of Communication
75%
Invasion of Your Privacy(1985) Lay It Down
75%
Dancing Undercover(1986) Slip of the Lip
75%
Ratt(1983) Back for More
67%
Out of the Cellar(1984) Back for More
67%
Detonator(1990) Shame Shame Shame
67%
Out of the Cellar(1984) Wanted Man
67%
Reach for the Sky(1988) Way Cool Jr.
67%
Dancing Undercover(1986) Body Talk
58%
Out of the Cellar(1984) I'm Insane
58%
Reach for the Sky(1988) I Want a Woman
58%
Invasion of Your Privacy(1985) You're in Love
58%
Detonator(1990) Intro to Shame
50%
Out of the Cellar(1984) In Your Direction
50%
Out of the Cellar(1984) Scene of the Crime
50%
Out of the Cellar(1984) She Wants Money
50%
Out of the Cellar(1984) You're in Trouble
50%
Ratt(1983) You Think You're Tough
50%
Reach for the Sky(1988) City to City
42%
Invasion of Your Privacy(1985) Dangerous but Worth the Risk
42%
Detonator(1990) One Step Away
42%
Invasion of Your Privacy(1985) You Should Know by Now
42%
Dancing Undercover(1986) 7th Avenue
33%
Invasion of Your Privacy(1985) Between the Eyes
33%
Invasion of Your Privacy(1985) Closer to My Heart
33%
Detonator(1990) Givin' Yourself Away
33%
Detonator(1990) Heads I Win, Tails You Lose
33%
Ratt & Roll 81–91(1991) Nobody Rides for Free
33%
Ratt(1999) Over the Edge
33%
Ratt(1983) Sweet Cheater
33%
Ratt(1983) Tell the World
33%
Out of the Cellar(1984) The Morning After
33%
Reach for the Sky(1988) What's It Gonna Be
33%
Reach for the Sky(1988) Bottom Line
25%
Dancing Undercover(1986) Enough Is Enough
25%
Invasion of Your Privacy(1985) Never Use Love
25%
Detonator(1990) Top Secret
25%
Infestation(2010) Best of Me
17%
Reach for the Sky(1988) Chain Reaction
17%
Reach for the Sky(1988) Don't Bite the Hand That Feeds
17%
Infestation(2010) Eat Me Up Alive
17%
Invasion of Your Privacy(1985) Give It All
17%
Invasion of Your Privacy(1985) Got Me on the Line
17%
Dancing Undercover(1986) It Doesn't Matter
17%
Infestation(2010) Last Call
17%
Dancing Undercover(1986) Looking for Love
17%
Infestation(2010) Lost Weekend
17%
Detonator(1990) Lovin' You's a Dirty Job
17%
Dancing Undercover(1986) One Good Lover
17%
Collage(1997) Ratt Madness
17%
Dancing Undercover(1986) Take a Chance
17%
Ratt(1983) U Got It
17%
Reach for the Sky(1988) What I'm After
17%
Invasion of Your Privacy(1985) What You Give Is What You Get
17%
Infestation(2010) A Little Too Much
8%
Ratt(1999) Dead Reckoning
8%
Collage(1997) Diamond Time Again
8%
Infestation(2010) Don't Let Go
8%
Dancing Undercover(1986) Drive Me Crazy
8%
Collage(1997) Dr. Rock" ('Mickey Ratt')
8%
Reach for the Sky(1988) I Want to Love You Tonight
8%
Ratt(1999) Live for Today
8%
Infestation(2010) Look Out Below
8%
Ratt(1999) Luv Sick
8%
Reach for the Sky(1988) No Surprise
8%
Collage(1997) Steel River
8%
Infestation(2010) Take Me Home
8%
Detonator(1990) All or Nothing
0%
Ratt(1999) All the Way
0%
Infestation(2010) As Good as It Gets
0%
Ratt(1999) Breakout
0%
Detonator(1990) Can't Wait on Love
0%
Infestation(2010) Garden of Eden
0%
Ratt(1999) Gave Up Givin' Up
0%
Detonator(1990) Hard Time
0%
Collage(1997) Hold Tight
0%
Ratt(1999) It Ain't Easy
0%
Collage(1997) I Want It All
0%
Infestation(Bonus)(2010) Scatter
0%
Detonator(1990) Scratch That Itch
0%
Collage(Bonus)(1997) She's Got Everything
0%
Ratt(1999) So Good, So Fine
0%
Infestation(2010) Take a Big Bite
0%
Collage(1997) Take It Anyway
0%
Ratt(1999) Tug of War
0%
Ratt(1999) We Don't Belong
0%
No matching quizzes found
Score Distribution
Percent of People with Each Score
Percentile by Number Answered
Your Score History
You have not taken this quiz